| 000 | 00863nam a22002777a 4500 | ||
|---|---|---|---|
| 999 |
_c200459924 _d78136 |
||
| 003 | TR-AnTOB | ||
| 005 | 20240426083829.0 | ||
| 008 | 240426b ||||| |||| 00| 0 tur d | ||
| 020 | _a9786052521878 | ||
| 040 |
_aTR-AnTOB _beng _cTR-AnTOB _erda |
||
| 041 | _atur | ||
| 092 | _a577. BAL 2018 | ||
| 100 | _0Balzeau, Karine | ||
| 245 |
_aKüçük ve büyük sorular : _bSosyal ağlar nasıl çalışır ve onları nasıl kullanırız? / _cKarine Balzeau ; Aynur Aldaş Açkalmaz. |
||
| 250 | _a1.bs | ||
| 260 |
_aİstanbul : _bAkan Ajans, _c2018. |
||
| 300 |
_a[48] pages: _bill; _c22 cm. |
||
| 336 |
_2rdacontent _atext _btxt |
||
| 337 |
_2rdamedia _aunmediated _bn |
||
| 338 |
_2rdacarrier _avolume _bnc |
||
| 490 | _v1 | ||
| 653 | _aatıklar, ayrıştırma, gezegen | ||
| 942 |
_2ddc _cBK |
||